| 000 | 00645nam a2200181 a 4500 | ||
|---|---|---|---|
| 001 | 000016589 | ||
| 005 | 20240307073946.0 | ||
| 008 | 100308s1996 dr 000 0 spa d | ||
| 040 |
_aDO-SdBNP _bspa _cBNPHU |
||
| 082 |
_axxx _bC749 |
||
| 111 | 1 |
_aCongreso de biodiversidad caribeña _n(2 : _d1991 ene. 14-17 : _cSanto Domingo) _936881 |
|
| 245 | 1 | 0 |
_aResúmenes del II Congreso de Biodiversidad Caribeña / _cPresentación Roberto Santana Sánchez. |
| 260 |
_aSanto Domingo : _bUASD, _c1996. |
||
| 300 |
_a80 P. ; _c28 cm. |
||
| 700 | 1 |
_aSantana Sánchez, Roberto _936882 |
|
| 049 | _aBNPD | ||
| 710 | 1 |
_aUniversidad Autónoma de Santo Domingo _972951 |
|
| 999 |
_c16122 _d16122 |
||